| 000 | 00592cam a2200229 4500 | ||
|---|---|---|---|
| 001 | J1967 | ||
| 008 | 090401t1992 xxu||||| |||| 00| 0 eng d | ||
| 035 | _a(Sirsi) u46535 | ||
| 041 | _aeng | ||
| 050 | _a711.552 | ||
| 110 |
_aKnight Frank and Rutley _91990 |
||
| 245 | _aRetail review. - Autumn 1992. | ||
| 260 |
_aLondon _bKnight Frank and Rutley _c1992 |
||
| 300 | _a1 pt. ; 30cm. | ||
| 350 | _a0 | ||
| 650 | _aFOREIGN RETAILING | ||
| 650 | _aRETAIL PROPERTY | ||
| 650 | _aSHOPPING | ||
| 690 | _aPROPERTY-COMMERCIAL PROPERTY-RETAIL PROPERTY | ||
| 942 | _n0 | ||
| 948 | _c04/03/1997 | ||
| 999 |
_c91936 _d91936 |
||